000 00578nam a22001817a 4500
005 20240517121555.0
010 _aENG-140343
020 _c550.00
_a9788195767175
035 _aEN-123875
037 _bDBAD
082 _a338.9
245 _aBreaking The Silence:
_bMargins And Fringes /
_cedited by Neelam Bhardwaj
260 _aLudhiana (Pb.)
_bRead Tree International
_c2023
270 _aRead Tree International,
_bLudhiana (Pb.)
_e141010
300 _axviii,159p.:
_c21cm(pb)
_bill.
700 _965564
_aBhardwaj, Neelam
942 _2ddc
_cEN
_h338.9
_mBRE
999 _c202889
_d202889